Prácticas de crianza en familias participantes de desarrollo comunitario en el Estado de Puebla.

Gespeichert in:
Bibliographische Detailangaben
1. Verfasser: Garduño Estrada, León R. (autor)
Weitere Verfasser: Cervantes S., Dolores, coaut (autor) coaut, (autor)
Format: Unbekannt
Sprache:Spanisch
Schlagworte:
Online-Zugang:Ver documento en línea
Tags: Tag hinzufügen
Keine Tags, Fügen Sie das erste Tag hinzu!

MARC

LEADER 00000c**#a2200000ua#4500
001 000502544
003 DLC
005 20260414000000.0
008 070831c^^^^9999^^^^r1^^^^^^^^0^^^^0spa^d
009 20260414194024.81
022 |a 01851284 
035 |a FCE 000046736 
037 |a Acervo ITESO - Biblioteca 
041 |a spa 
095 |a RLEE  |b 95-3-87. 
100 |a Garduño Estrada, León R.  |e (autor) 
245 1 0 |a Prácticas de crianza en familias participantes de desarrollo comunitario en el Estado de Puebla. 
264 |a México :  |b Centro de Estudios Educativos,  |c 1995. 
336 |a texto  |b txt  |2 rdacontenido 
337 |a sin mediación  |b n  |2 rdamedio 
338 |a volumen  |b nc  |2 rdasoporte 
649 |a XX 
650 |a Educación del niño 
650 |a Desarrollo Comunitario 
650 |a Zonas marginadas 
650 |a Investigación participativa 
650 |a Relación padres-hijos 
650 |a Cuidado del niño 
650 |a Investigación cualitativa 
650 |a Estudios de casos 
650 |a Participación de los padres 
650 |a México 
650 |a Puebla, México 
740 |g vol. 25, no.3, 1995, pp. 87-108.  |t Revista Latinoamericana de Estudios Educativos. Informes, 
700 |a Cervantes S., Dolores,  |e coaut  |e (autor) 
856 4 0 |u https://www.cee.edu.mx/rlee/revista/r1991_2000/r_texto/t_1995_3_04.pdf  |y Ver documento en línea 
910 |a Fondo Centro de Estudios Educativos 
920 |a Impresos - Libros 
930 |a Fondos Especiales 
905 |a 133 
902 |a https://opac.biblio.iteso.mx/vufind/Record/000502544